Adresář poskytovatelů sociálních a jiných služeb pro osoby se zrakovým postižením /

Hlavní autor: Hůrková, Marie
Další autoři: Liška, Vít, Vondráčková, Jana
Jazyk: Čeština
Vydáno: Praha : Okamžik, 2014
Vydání: 1. vyd.
Témata:
Fyzický popis: 125 s. ; 21 cm
Knihy
Uloženo v:
LEADER 01601nam a2200433 a 4500
001 nkc20152653074
003 CZ PrNK
005 20150212072832.0
007 ta
008 150108s2014 xr e r 001 0 cze
020 |a 978-80-86932-39-2  |q (brož.) 
040 |a ABA001  |b cze 
043 |a e-xr--- 
072 7 |a 364-1/-7  |x Druhy sociální pomoci a služeb  |2 Konspekt  |9 18 
080 |a 364-7  |2 MRF 
080 |a 316.344.6-056.262  |2 MRF 
080 |a (437.3)  |2 MRF 
080 |a (058.7)  |2 MRF 
100 1 |a Hůrková, Marie  |7 jo2015856237  |4 aut 
245 1 0 |a Adresář poskytovatelů sociálních a jiných služeb pro osoby se zrakovým postižením /  |c [autoři Marie Hůrková, Vít Liška, Jana Vondráčková] 
250 |a 1. vyd. 
260 |a Praha :  |b Okamžik,  |c 2014 
300 |a 125 s. ;  |c 21 cm 
500 |a Název z obálky 
504 |a Obsahuje bibliografické odkazy a rejstřík 
650 0 7 |a sociální služby  |7 ph125812  |z Česko  |2 czenas 
650 0 7 |a osoby se zrakovým postižením  |7 ph127686  |z Česko  |2 czenas 
650 0 9 |a social service  |z Czechia  |2 eczenas 
650 0 9 |a people with visual disabilities  |z Czechia  |2 eczenas 
655 7 |a adresáře  |7 fd131783  |2 czenas 
655 9 |a directories  |2 eczenas 
700 1 |a Liška, Vít  |7 jo2015856242  |4 aut 
700 1 |a Vondráčková, Jana  |7 jx20110117011  |4 aut 
910 2 |a BOA001  |b 2-1342.124 
928 9 |a Okamžik - sdružení pro podporu nejen nevidomých 
990 |a BK 
995 |a 11 
991 |b 201502  |c NOV  |e n 
996 6 |b 2610620628  |c 2-1342.124  |l MZK  |r Sklad / do 1 hodiny  |n 1  |p p.v.  |w 001487730  |u 000010  |a 1  |e BOA001  |j MZK50  |s P